University Home | Library Home | Institutional Repository

The History of the Negro Church/ (Record no. 115386)

MARC details
000 -LEADER
fixed length control field 00493cam a2200157 4500
008 - FIXED-LENGTH DATA ELEMENTS--GENERAL INFORMATION
fixed length control field 100915n 000 0 eng u
035 ## - SYSTEM CONTROL NUMBER
System control number (Sirsi) a171375
050 ## - LIBRARY OF CONGRESS CALL NUMBER
Classification number BR 563.N4 WOO 1945
100 ## - MAIN ENTRY--PERSONAL NAME
Personal name Woodson,Carter G.
245 ## - TITLE STATEMENT
Title The History of the Negro Church/
Statement of responsibility, etc. Carter G.Woodson
250 ## - EDITION STATEMENT
Edition statement 2nd ed.
260 ## - PUBLICATION, DISTRIBUTION, ETC.
Place of publication, distribution, etc. Washington D.C.:
Name of publisher, distributor, etc. The associated Publishers,
Date of publication, distribution, etc. 1945
300 ## - PHYSICAL DESCRIPTION
Extent xi,322p.
Other physical details ill.
504 ## - BIBLIOGRAPHY, ETC. NOTE
Bibliography, etc. note Includes Bibliographical References
650 ## - SUBJECT ADDED ENTRY--TOPICAL TERM
Topical term or geographic name entry element Afro-Americans--Religion

No items available.

© 2026 - The University of Zambia Library - Koha v25.11